Cultura y desarrollo /
محفوظ في:
| المؤلف الرئيسي: | |
|---|---|
| مؤلفون آخرون: | |
| التنسيق: | غير معروف |
| اللغة: | Spanish |
| منشور في: |
Montevideo, Uruguay:
Ediciones Trilce,
2000
|
| الموضوعات: | |
| الوسوم: |
إضافة وسم
لا توجد وسوم, كن أول من يضع وسما على هذه التسجيلة!
|
MARC
| LEADER | 000000000a22000000004500 | ||
|---|---|---|---|
| 001 | 001202 | ||
| 008 | 170626b uy ||||| |||| 00| 0 spa d | ||
| 020 | |a 9974322421 | ||
| 041 | 0 | |a español | |
| 082 | |a 306.098 |b H553c | ||
| 100 | 1 | |a Hermet, Guy | |
| 245 | 1 | 0 | |a Cultura y desarrollo / |c Luis Carrer |
| 260 | |a Montevideo, Uruguay: |b Ediciones Trilce, |c 2000 | ||
| 300 | |a 160 páginas | ||
| 500 | |a Número de inscripción 12765 (Colección George Yúdice) -- Título original: Culture et développement | ||
| 650 | 4 | |a CAPITAL SOCIAL (SOCIOLOGIA) | |
| 650 | 4 | |a INDUSTRIAS CULTURALES | |
| 650 | 4 | |a DESARROLLO ECONOMICO | |
| 650 | 4 | |a AMERICA LATINA - CONDICIONES ECONOMICAS | |
| 650 | 4 | |a AMERICA LATINA - POLITICA ECONOMICA | |
| 700 | 1 | 2 | |a Carrer, Luis, |e traductor |
| 942 | |2 ddc |c BK | ||
| 999 | |c 2285 |d 2285 | ||



